000 00284nam a22001337a 4500
008 170130b xxu||||| |||| 00| 0 eng d
020 _a20706049101
041 _aeng
080 _28TH
_a61
100 _a3
101 _aSHMI
245 _aGUIDELINES HANDBOOK
_cMERCK
942 _2udc
_cBK
999 _c3949
_d3949